বাংলা ভাষায় অভিধান : (Record no. 1601)
[ view plain ]
| 000 -LEADER | |
|---|---|
| fixed length control field | 00875nam a2200229 a 4500 |
| 001 - CONTROL NUMBER | |
| JCCL Control Number | 1601 |
| 003 - CONTROL NUMBER IDENTIFIER | |
| JCCL marc code | BD-JhCC |
| 005 - DATE AND TIME OF LATEST TRANSACTION | |
| control field | 20180122094557.0 |
| 008 - FIXED-LENGTH DATA ELEMENTS--GENERAL INFORMATION | |
| fixed length control field | 171022s2004 mul |||| ||a| 00| 0 mul d |
| 020 ## - INTERNATIONAL STANDARD BOOK NUMBER | |
| International Standard Book Number | 9840745603 |
| 035 ## - SYSTEM CONTROL NUMBER | |
| system control number | (BD-JhCC)1601 |
| 040 ## - CATALOGING SOURCE | |
| Original cataloging agency | BD-JhCC |
| Modifying agency | BD-JhCC |
| 041 ## - LANGUAGE CODE | |
| Language code of Book | mul |
| 082 ## - DEWEY DECIMAL CLASSIFICATION NUMBER | |
| Classification number | 491.4403 |
| Author mark and Year | BAN 2004 |
| 245 ## - TITLE STATEMENT | |
| Title | বাংলা ভাষায় অভিধান : |
| Remainder of title | আরবী ফারসী তুর্কী হিন্দী উর্দু শব্দের / |
| Statement of responsibility, etc | কাজী রফিকুল হক সম্পাদনা |
| 260 ## - PUBLICATION, DISTRIBUTION, ETC. (IMPRINT) | |
| Place of publication, distribution, etc | ঢাকা : |
| Name of publisher, distributor, etc | বাংলা একাডেমী প্রকাশনী, |
| Date of publication, distribution, etc | ২০০৪. |
| 300 ## - PHYSICAL DESCRIPTION | |
| Pagination | 336 p. : |
| Dimensions | 23 cm. |
| 650 ## - SUBJECT ADDED ENTRY--TOPICAL TERM | |
| Topical term or geographic name as entry element | Bengali Language |
| Form subdivision | Foren Words In Phrases |
| General subdivision | Ditionaries |
| 700 ## - ADDED ENTRY--PERSONAL NAME | |
| Personal name | হক, কাজী রফিকুল |
| 942 ## - ADDED ENTRY ELEMENTS (KOHA) | |
| Source of classification or shelving scheme | Dewey Decimal Classification |
| Koha item type | Books |
| Source of classification or shelving scheme | Damaged status | Not for loan | Home library | Current library | Shelving location | Date of accession | Cost, normal purchase price | Total Checkouts | Full call number | Barcode | Date last seen | Copy number | Koha item type |
|---|---|---|---|---|---|---|---|---|---|---|---|---|---|
| Dewey Decimal Classification | JCC Rouf Library | JCC Rouf Library | General Stacks | 10/22/2017 | 150.00 | 491.4403 BAN 2004 | 1912 | 10/22/2017 | C-1 | Books |